Corpus und universitas. Römisches Körperschafts- und Gesellschaftsrecht: zwischen griechischer Philosophie und römischer Politik.
Kaydedildi:
| Yazar: | |
|---|---|
| Materyal Türü: | Kitap |
| Baskı/Yayın Bilgisi: |
Tübingen, Deutschland:
Mohr Siebeck,
2015.
|
| Seri Bilgileri: | Ius Romanum,
|
| Konular: | |
| Etiketler: |
Etiketle
Etiket eklenmemiş, İlk siz ekleyin!
|
MARC
| LEADER | 00000nam a22000007a 4500 | ||
|---|---|---|---|
| 003 | CL-VaPUC | ||
| 005 | 20220822114812.0 | ||
| 008 | 220804t2015 ||||| |||| 00| 0 eng d | ||
| 999 | |c 437950 |d 437948 | ||
| 020 | |a 978-3-16-153316-7 | ||
| 022 | |a 2197-8573 (Ius Romanum) | ||
| 040 | |c Pontificia Universidad Católica de Valparaíso | ||
| 082 | |a 340.54 GRO 2015 | ||
| 100 | 1 | |a Groten, Andreas |e autor |9 874786 | |
| 245 | |a Corpus und universitas. |b Römisches Körperschafts- und Gesellschaftsrecht: zwischen griechischer Philosophie und römischer Politik. | ||
| 260 | |a Tübingen, Deutschland: |b Mohr Siebeck, |c 2015. | ||
| 300 | |a XV, 477 páginas. | ||
| 490 | |a Ius Romanum, |n 3. | ||
| 500 | |a c.1 Donación Familia Prof. Alejandro Guzmán Brito. | ||
| 583 | |c 20220804 |k Cristina María Rojas Aguilar | ||
| 650 | |a Corporación |9 874787 | ||
| 650 | |a Derecho romano |9 874788 | ||
| 650 | |a Derecho corporativo |9 527869 | ||
| 942 | |2 ddc |c BK |n 0 | ||
| 952 | |0 0 |1 0 |2 ddc |4 0 |6 340_540000000000000_GRO_2015 |7 1 |8 C_AGB |9 585809 |a BIBDER |b BIBDER |d 2022-08-04 |e Donación |i 5653781 |o 340.54 GRO 2015 |p 5653781 |r 2023-01-25 |t 1 |w 2022-08-04 |y BK_US |k AGB | ||